000 00649nam a2200241Ia 4500
003 OSt
005 20221007073416.0
006 a|||||r|||| 00| 0
007 ta
008 221006b |||||||| |||| 00| 0 eng d
020 _cRs.45/-
024 _a23,721
037 _cTextual
040 _aFLL
_cFLL
_beng
041 _2eng
_aeng
082 _aZ2:153:1, K6
100 _aRamachandran V.G.
245 0 _aLaw of parliamentary privileges in India
260 _aLucknow
_bEastern Book Company India
_c1966
300 _ap.lx, 1-731
_ccm.
942 _hZ2:153:1, K6
_cTEXL
_2CC
999 _c1148646
_d1148646